Methodus vitae (Record no. 47619)

MARC details
000 -LEADER
campo de control de longitud fija 00955nam a2200253 i 4500
001 - NÚMERO DE CONTROL
campo de control 47619
003 - IDENTIFICADOR DE NÚMERO DE CONTROL
campo de control ES-MaACL
005 - FECHA Y HORA DE LA ÚLTIMA TRANSACCIÓN
campo de control 20230906161611.0
007 - CAMPO FIJO DE DESCRIPCIÓN FÍSICA--INFORMACIÓN GENERAL
campo de control de longitud fija t|
008 - DATOS DE LONGITUD FIJA--INFORMACIÓN GENERAL
campo de control de longitud fija 030508s1999 sp ||||1| spa d
020 ## - NÚMERO INTERNACIONAL ESTÁNDAR DEL LIBRO
Número Internacional Estándar del Libro 84-7721-812-9 v. 1
080 ## - NÚMERO DE LA CLASIFICACIÓN DECIMAL UNIVERSAL
Número de la Clasificación Decimal Universal 1(081) Leibniz, Gottfried Wilhelm, Freiherr von
100 1# - ENTRADA PRINCIPAL--NOMBRE DE PERSONA
Nombre de persona Leibniz, Gottfried Wilhelm
Títulos y otros términos asociados al nombre Freiherr von.
9 (RLIN) 71367
245 10 - MENCIÓN DEL TÍTULO
Título Methodus vitae
Resto del título : (escritos de Leibniz) /
Mención de responsabilidad, etc. edición de Agustín Andreu.
260 ## - PUBLICACIÓN, DISTRIBUCIÓN, ETC.
Lugar de publicación, distribución, etc. Valencia :
Nombre del editor, distribuidor, etc. Universidad Politécnica, Servicio de Publicaciones,
Fecha de publicación, distribución, etc. 1999-<2001>
300 ## - DESCRIPCIÓN FÍSICA
Extensión v. <1-2, 3 pte. 1> ;
Dimensiones 25 cm.
490 1# - MENCIÓN DE SERIE
Mención de serie Colección Documentos ;
Designación de volumen o secuencia 2,3
505 8# - NOTA DE CONTENIDO CON FORMATO
Nota de contenido con formato 1. Naturaleza o fuerza. 2. Individuo o mónada. v. 3 pte. 1. Ética o política
700 1# - ENTRADA AGREGADA--NOMBRE PERSONAL
Nombre de persona Andreu Rodrigo, Agustín.
9 (RLIN) 21649
830 0# - PUNTO DE ACCESO ADICIONAL DE SERIE-TÍTULO UNIFORME
Título uniforme Colección Documentos ;
Designación de volumen o secuencia 2,3
9 (RLIN) 179812
852 ## - LOCALIZACIÓN
Ubicación ES-MaACL
Número de control de estantería P-1969
Sublocalización o colección R.132356
852 ## - LOCALIZACIÓN
Ubicación ES-MaACL
Número de control de estantería L-25461-63
Sublocalización o colección R.130381
Holdings
Estatus retirado Estado de pérdida Estado de daño No para préstamo Biblioteca de origen Biblioteca actual Ubicación en estantería Fecha de adquisición Fuente de adquisición Total de préstamos Signatura topográfica completa Código de barras Visto por última vez Precio de reemplazo Tipo de ítem Koha
        Biblioteca del Ateneo de Madrid Biblioteca del Ateneo de Madrid Depósito 2 17/01/2008     L-25461-63 1050103 23/02/2023 23/02/2023 Libro impreso
        Biblioteca del Ateneo de Madrid Biblioteca del Ateneo de Madrid Depósito 2 17/01/2008     P-1969 1050102 23/02/2023 23/02/2023 Libro impreso